| 000 | 00000cas 2200000zi 4500 |
| 001 | 9.962709 |
| 003 | CaOODSP |
| 005 | 20260511140129 |
| 006 | m o d f |
| 007 | cr cn |||||||| |
| 008 | 260511c20259999oncar p o f0###b0fre|d |
| 040 | |aCaOODSP|bfre|erda|cCaOODSP |
| 043 | |an-cn--- |
| 086 | 1 |aDG2-14F-PDF |
| 110 | 1 |aCanada. |bComité externe d'examen des griefs militaires, |eauteur, |eorganisme de publication. |
| 245 | 10|aComité externe d’examen des griefs militaires, rapport annuel ... au titre de la Loi sur la lutte contre le travail forcé et le travail des enfants dans les chaînes d’approvisionnement. |
| 264 | 1|aOttawa (Ontario) : |bComité externe d'examen des griefs militaires = Military Grievances External Review Committee, |c[2025]- |
| 310 | |aAnnuel |
| 336 | |atexte|btxt|2rdacontent/fre |
| 337 | |ainformatique|bc|2rdamedia/fre |
| 338 | |aressource en ligne|bcr|2rdacarrier/fre |
| 362 | 1 |aParaît depuis : 2025. |
| 500 | |aPublié aussi en anglais sous le titre : Military Grievances External Review Committee ... annual report under the Fighting Against Forced Labour and Child Labour in Supply Chains Act. |
| 588 | |aDescription d'après : 2025. |
| 588 | |aDernière livraison consultée : 2025. |
| 610 | 16|aCanada. |bComité externe d'examen des griefs militaires|vPériodiques. |
| 610 | 16|aCanada. |tLoi sur la lutte contre le travail forcé et le travail des enfants dans les chaînes d'approvisionnement |vPériodiques. |
| 650 | 6|aTravail forcé|zCanada|xPrévention|vPériodiques. |
| 650 | 6|aEnfants|xTravail|zCanada|xPrévention|vPériodiques. |
| 655 | 7|aPériodiques|2rvmgf |
| 775 | 08|tMilitary Grievances External Review Committee ... annual report under the Fighting Against Forced Labour and Child Labour in Supply Chains Act.|w(CaOODSP)9.962710 |
| 780 | 00|tTravail forcé dans les chaînes d'approvisionnement canadiennes, rapport annuel.|w(CaOODSP)9.939437 |